| 000 | 02078cam a22003617a 4500 | ||
|---|---|---|---|
| 001 | 14595547 | ||
| 003 | OSt | ||
| 005 | 20140310183110.0 | ||
| 008 | 061016s2001 ph ab b i000 0 eng d | ||
| 010 | _a 2005436470 | ||
| 020 | _a9715600719 | ||
| 035 | _a(OCoLC)ocm51731549 | ||
| 040 |
_aEEM _cEEM _dOCLCQ _dDLC |
||
| 042 |
_alccopycat _alcode |
||
| 043 | _aas----- | ||
| 050 | 0 | 0 |
_aHC 441 _b.Su8 2001 |
| 082 |
_aFIL 333.720599 _b.Su8 2001 |
||
| 245 | 0 | 0 |
_aSustaining natural resources management in Southeast Asia _cedited by Garcia, Arnulfo G. |
| 260 |
_aCollege, Los Ba�nos, Laguna, Philippines _bSEAMEO Regional Center for Graduate Study and Research in Agriculture _cc2001 |
||
| 300 |
_aii, 117 p. _bill., maps _c23 cm. |
||
| 504 | _aIncludes bibliographical references. | ||
| 505 | 0 | _aNatural resource management / Arnulfo G. Garcia and Paulyn A. Tusi -- Moving toward a new research paradigm for Myanmar / Arnulfo G. Garcia and Aye Swe -- Participatory process in natural resources management and the politics of empowerment / Ma. Victoria O. Espaldon ... [et al.] -- Impacts of changes in policy and market conditions on land use, land management, and livelihood among farmers in Central Highlands of Vietnam / Dang Thanh Ha ... [et al.] -- Soil erosion and land management decisions in Bao Loc District, Lam Dong Province, Central Highlands of Vietnam / Le Van Du ... [et al.] -- Environmental audit as a tool in improving environmental performance of agricultural farms in the Philippines / Annielyn O. Magsino and Antonio J. Alcantara -- Environmental communication and people's participation / Alexander G. Flor. | |
| 521 | _aCollege Students | ||
| 526 | _c1210L to 1700L | ||
| 541 | _j1 | ||
| 562 | _eFor Circulation. 1 Copy Available in the Collection | ||
| 650 | 0 |
_aNatural resources _zSoutheast Asia _xManagement. |
|
| 650 | 0 |
_aLand use _zSoutheast Asia. |
|
| 700 | 1 | _aGarcia, Arnulfo G. | |
| 906 |
_a7 _bcbc _ccopycat _d4 _encip _f20 _gy-gencatlg |
||
| 942 |
_2lcc _cBK _kFIL |
||
| 999 |
_c18833 _d18833 |
||